| 000 | 00344nam a22001577a 4500 | ||
|---|---|---|---|
| 003 | SGT | ||
| 020 | _a978-93-5573-419-8 | ||
| 082 |
_a658.4032 _bALB |
||
| 100 | _aALBRIGHT, S.C. | ||
| 245 | _aBUSINESS ANALYTICS | ||
| 250 | _a7TH | ||
| 260 |
_aINDIA _bCANGAGE PUB. _c2024 |
||
| 300 | _a881 | ||
| 650 | _aBUSINESS ANALYTICS | ||
| 942 |
_2ddc _cBK |
||
| 999 |
_c29465 _d29465 |
||